| 000 | 00707nam a2200205 a 4500 | ||
|---|---|---|---|
| 001 | 550 | ||
| 003 | CDMR | ||
| 005 | 20130307181052.0 | ||
| 008 | 130130s1994||||||||||||||||||||||||||||d | ||
| 020 | _a8439328761 | ||
| 040 |
_aCDMR _bcat _cCDMR |
||
| 111 | 2 |
_aConverses a la Pedrera _cBarcelona _d1993 _n4es _9403 |
|
| 245 | 1 | 0 |
_aConcentració i internacionalització dels mitjans de comunicació _b: repercussions socials i culturals |
| 260 |
_aBarcelona _c1994 _bGeneralitat de Catalunya. Centre de Investigació de la Comunicació |
||
| 300 |
_a95 p ; _c30 cm |
||
| 490 | 0 |
_aMonografies i documents _v11 |
|
| 650 | 0 | 4 |
_aMitjans de comunicació de massa _9405 |
| 700 | 1 |
_aBustamante, Enrique _9125 |
|
| 942 |
_cMON _2udc |
||
| 999 |
_c550 _d550 |
||